000 00903nam a2200265 i 4500
001 112343
003 ES-MaACL
005 20231229062527.0
007 t|
008 170704s1981 sp r ||||1| spa d
080 _a84-206-4108-1
100 1 _aOrtega y Gasset, José,
_d1883-1955
_987503
245 1 3 _aEl hombre y la gente /
_cOrtega y Gasset.
250 _a2ª ed. en "Obras de José Ortega y Gasset" rev.
260 _aMadrid :
_bRevista de Occidente en Alianza Editorial,
_c1981.
300 _a287 p. ;
_c18 cm.
490 1 _aObras de José Ortega y Gasset ;
_v8
598 _aColección editada por Paulino Garagorri.
650 0 4 _aYo (Filosofía)
_917858
650 0 4 _aIndividuo y sociedad.
_9178816
700 1 _aGaragorri, Paulino,
_d1916-2007
_953911
830 0 _aObras de José Ortega y Gasset ;
_v8
_9181562
852 _aES-MaACL
_jL-31806
999 _c112343
_d112343